[Event "Osh zt 3.4 (Women)"]
[Site "Osh"]
[Date "2013.06.07"]
[Round "1"]
[White "Nakhbayeva, Guliskhan"]
[Black "Nasriddinzoda, Marvorii"]
[Result "1-0"]
[WhiteElo "2339"]
[BlackElo "2017"]
[PlyCount "115"]
[EventDate "2013.06.07"]
[EventType "swiss"]
[EventRounds "9"]
[EventCountry "KGZ"]
[SourceTitle "CBM 154 Extra"]
[Source "ChessBase"]
[SourceDate "2013.06.25"]
[SourceVersion "2"]
[SourceVersionDate "2013.06.25"]
[SourceQuality "1"]

1. d4 Nf6 2. c4 e6 3. Nc3 b6 4. e4 Bb7 5. Bd3 d6 6. Nf3 Nbd7 7. 0-0 Be7 8. Re1 e5 9. Nd5 0-0 10. b3 Nxd5 11. cxd5 c5 12. dxc6 Bxc6 13. Bb2 Bf6 14. d5 Bb7 15. b4 a6 16. Qe2 g6 17. Nd2 Bg5 18. Nc4 Qe7 19. a4 Rfb8 20. h3 Bc8 21. Bc1 Bxc1 22. Rexc1 a5 23. Rab1 axb4 24. Rxb4 Ba6 25. Rcb1 Nc5 26. Qd1 Qd7 27. Rxb6 Qc7 28. Rc6 Qa7 29. Rc1 Bxc4 30. Rxc4 Nxa4 31. Qf3 Qe7 32. Rc7 Qf8 33. Qf6 Rd8 34. R4c6 Nc5 35. Rxc5 dxc5 36. Qxe5 Rac8 37. Ra7 c4 38. Bc2 Qd6 39. Qg5 Ra8 40. Rxa8 Rxa8 41. g3 f6 42. Qd2 Ra2 43. Qc3 Qa3 44. Qxf6 Rxc2 45. d6 Qa7 46. Qd8+ Kf7 47. Qc7+ Qxc7 48. dxc7 Re2 49. c8Q Rxe4 50. Qb7+ Re7 51. Qd5+ Kg7 52. Qxc4 Rd7 53. Kg2 Rf7 54. Qd4+ Kf8 55. h4 h5 56. Qh8+ Ke7 57. f4 Ke6 58. Qe8+ 1-0

[Event "Olympiad Women-40"]
[Site "Istanbul"]
[Date "2012.09.06"]
[Round "9.2"]
[White "Sabure, Ontiretse"]
[Black "Nasriddinzoda, Marvorii"]
[Result "0-1"]
[WhiteElo "1682"]
[BlackElo "2023"]
[PlyCount "74"]
[EventDate "2012.08.28"]
[EventType "team-swiss"]
[EventRounds "11"]
[EventCountry "TUR"]
[SourceTitle "CBM 150 Extra"]
[Source "ChessBase"]
[SourceDate "2012.10.19"]
[SourceVersion "1"]
[SourceVersionDate "2012.10.19"]
[SourceQuality "1"]
[WhiteTeam "Botswana (W)"]
[BlackTeam "Tajikistan (W)"]
[WhiteTeamCountry "BOT"]
[BlackTeamCountry "TJK"]

1. e4 d6 2. d4 Nf6 3. Nc3 e5 4. Bc4 Be7 5. Nf3 Nbd7 6. a4 0-0 7. Nh4 Nxe4 8. Nxe4 Bxh4 9. 0-0 Nf6 10. Ng5 Bxg5 11. Bxg5 exd4 12. Qxd4 Bf5 13. Qc3 h6 14. Bxf6 Qxf6 15. Qxf6 gxf6 16. Rfc1 Rfe8 17. Ra3 Re5 18. h3 Rae8 19. Rc3 Re1+ 20. Rxe1 Rxe1+ 21. Kh2 c6 22. Rf3 Bxc2 23. Rxf6 d5 24. Ba6 Kg7 25. Rd6 bxa6 26. Rxc6 Bxa4 27. Rxa6 Bb5 28. Rxa7 d4 29. Ra5 d3 30. Rxb5 d2 31. Rd5 d1Q 32. Rxd1 Rxd1 33. h4 Rd2 34. f3 Rxb2 35. f4 h5 36. Kh3 Kg6 37. g3 Rb3 0-1

[Event "Central Asia Cup 2nd"]
[Site "Bishkek"]
[Date "2012.06.13"]
[Round "2"]
[White "Kurbonboeva, Sarvinoz"]
[Black "Nasriddinzoda, Marvorii"]
[Result "1-0"]
[WhiteElo "2199"]
[BlackElo "2033"]
[PlyCount "79"]
[EventDate "2012.06.12"]
[EventType "swiss"]
[EventRounds "9"]
[EventCountry "KGZ"]
[SourceTitle "EXT 2013"]
[Source "ChessBase"]
[SourceDate "2012.11.22"]
[SourceVersion "1"]
[SourceVersionDate "2012.11.22"]
[SourceQuality "1"]

1. d4 d6 2. Nf3 Bg4 3. Nbd2 Nd7 4. h3 Bh5 5. e4 e5 6. Be2 Ngf6 7. 0-0 Bxf3 8. Nxf3 Be7 9. Bd3 0-0 10. c3 c6 11. Qc2 h6 12. Be3 Qc7 13. Rfe1 Rfe8 14. Rad1 Nf8 15. Bf1 Ng6 16. g3 Bf8 17. Bg2 Rad8 18. Nh2 Qb8 19. f4 exf4 20. gxf4 Nh4 21. Bh1 Ng6 22. f5 Ne7 23. Qf2 Kh8 24. Bf3 Neg8 25. Bf4 Qc8 26. Qg3 d5 27. e5 Nh7 28. Bg4 h5 29. Bxh5 Qxf5 30. Bg4 Qg6 31. Nf3 Be7 32. e6 Bf6 33. exf7 Qxf7 34. Kh1 Nh6 35. Bxh6 gxh6 36. Rg1 Rg8 37. Qf4 Qf8 38. Be6 Rxg1+ 39. Rxg1 Qd6 40. Qxd6 1-0